| 000 | 00706nam a2200277Ia 4500 | ||
|---|---|---|---|
| 005 | 20260324141245.0 | ||
| 008 | 008 260324s9999 xx 000 0 eng d | ||
| 020 | _a9780203769898 | ||
| 037 | _aEBOOK | ||
| 040 | _aCRL | ||
| 040 | _beng | ||
| 040 | _cCRL | ||
| 041 | _2eng | ||
| 041 | _aeng | ||
| 084 | _qCRL | ||
| 100 |
_aAnnette Jobert; Catherine Marry; Helen Rainbird; Lucie Tanguy _91207508 |
||
| 245 | 0 | _aEducation and Work in Great Britain, Germany and Italy | |
| 260 | _bTaylor and Francis | ||
| 260 | _c1997 | ||
| 365 | _a | ||
| 365 | _b67.99 | ||
| 856 | _uhttp://www.taylorfrancis.com/books/9780203769898 | ||
| 942 | _cEBOOK | ||
| 999 |
_c1810417 _d1810417 |
||